000 00556nam a2200217Ia 4500
003 OSt
005 20220928145605.0
006 a|||||r|||| 00| 0
007 ta
008 220927b |||||||| |||| 00| 0 eng d
024 _a81321
037 _cTextual
040 _aSDCL
_cSDCL
_beng
041 _2eng
_aeng
082 _aG9M:423, M7
100 _aBercoff R Perez Ed.
_9513524
245 0 _aMolecular basis of viral replication.
260 _c1987
942 _hG9M:423, M7
_cTEXL
_2CC
999 _c834181
_d834181